000 01649nam a2200409 a 4500
001 ebr10514904
003 CaPaEBR
006 m u
007 cr cn|||||||||
008 040525s2004 iauab sb 001 0 eng d
010 _z 2004051651
020 _z0877459150 (hbk. alk. paper)
020 _z0877459169 (pbk. alk. paper)
020 _z9780877459163
020 _z9781609380342 (e-book)
040 _aCaPaEBR
_cCaPaEBR
035 _a(OCoLC)658941006
043 _as-pe---
050 1 4 _aF3429.1.T36
_bZ67 2004eb
082 0 4 _a985/.3600498323
_222
100 1 _aZorn, Elayne.
245 1 0 _aWeaving a future
_h[electronic resource] :
_btourism, cloth, & culture on an Andean island /
_cElayne Zorn.
260 _aIowa City :
_bUniversity of Iowa Press,
_cc2004.
300 _axix, 226 p. :
_bill., map.
504 _aIncludes bibliographical references (p. [183]-214) and index.
533 _aElectronic reproduction.
_bPalo Alto, Calif. :
_cebrary,
_d2012.
_nAvailable via World Wide Web.
_nAccess may be limited to ebrary affiliated libraries.
650 0 _aQuechua textile fabrics
_zPeru
_zTaquili.
650 0 _aQuechua business enterprises
_zPeru
_zTaquili.
650 0 _aQuechua Indians
_xClothing
_zPeru
_zTaquili.
650 0 _aHand weaving
_zPeru
_zTaquili.
650 0 _aTextile design
_zPeru
_zTaquili.
651 0 _aTaquili (Peru)
_xSocial life and customs.
651 0 _aTaquili (Peru)
_xEconomic conditions.
655 7 _aElectronic books.
_2local
710 2 _aebrary, Inc.
856 4 0 _uhttp://site.ebrary.com/lib/rucke/Doc?id=10514904
_zAn electronic book accessible through the World Wide Web; click to view
999 _c122329
_d122329